Digital circuits and systems / (Record no. 182106)

000 -LEADER
fixed length control field 01358 a2200193 4500
003 - CONTROL NUMBER IDENTIFIER
control field Nust
005 - DATE AND TIME OF LATEST TRANSACTION
control field 20221129160243.0
010 ## - LIBRARY OF CONGRESS CONTROL NUMBER
LC control number 88027177
020 ## - INTERNATIONAL STANDARD BOOK NUMBER
International Standard Book Number 0070255377
040 ## - CATALOGING SOURCE
Transcribing agency Nust
082 00 - DEWEY DECIMAL CLASSIFICATION NUMBER
Classification number 621.3815,HAL
100 1# - MAIN ENTRY--PERSONAL NAME
Personal name Hall, Douglas V.
9 (RLIN) 18074
245 10 - TITLE STATEMENT
Title Digital circuits and systems /
Statement of responsibility, etc. Douglas V. Hall.
260 ## - PUBLICATION, DISTRIBUTION, ETC.
Place of publication, distribution, etc. New York :
Name of publisher, distributor, etc. McGraw-Hill,
Date of publication, distribution, etc. c1989.
300 ## - PHYSICAL DESCRIPTION
Extent vi, 554 p. :
Other physical details ill. ;
Dimensions 29 cm.
505 ## - FORMATTED CONTENTS NOTE
Formatted contents note Atoms Electrons and Electricity (Page-1), Binary Numbers and Logic Gates (Page-27), Digital Devices and Data Sheets (Page-46), Oscilloscopes Pulse Generators and Pulse Characteristics of Logic Gates (Page-77), Analyzing Testing Troubleshooting and Drawing Logic Circuits (Page-102), Designing and Implementing Combinational Logic Circuits (Page-125), MSI and LSI Combinational Logic Devices and Applications (Page-149), Latches Flip-Flops Counters and Logic Analyzers (Page-188), Synchronous Devices Circuits and Systems (Page-234), Digital Signal Generation Transmission and Interfacing (Page-277), A/D and D/A Converter Circuits and Applications (Page-318), Programmable Logic Devices and State Machines (Page-360), Digital Arithmetic Devices and Microprocessors (Page-411), Memory Devices and Systems (Page-449), Computer Aided Engineering of Digital Systems (Page-489).
650 #0 - SUBJECT ADDED ENTRY--TOPICAL TERM
Topical term or geographic name entry element Digital electronics.
942 ## - ADDED ENTRY ELEMENTS (KOHA)
Source of classification or shelving scheme
Koha item type Book
Holdings
Withdrawn status Lost status Source of classification or shelving scheme Damaged status Not for loan Permanent Location Current Location Shelving location Date acquired Full call number Barcode Date last seen Price effective from Koha item type Public note Collection code Total Checkouts
          Military College of Signals (MCS) Military College of Signals (MCS) General Stacks 12/12/2016 621.3815,HAL MCS24998 12/08/2016 12/12/2016 Book Almirah No.33, Shelf No.1    
          Military College of Signals (MCS) Military College of Signals (MCS)   12/12/2016 621.3815 HAL MCS26185 12/08/2016 12/12/2016 Book      
© 2023 Central Library, National University of Sciences and Technology. All Rights Reserved.